La enseñanza de idiomas en los últimos cien años. Métodos y enfoque

में बचाया:
ग्रंथसूची विवरण
मुख्य लेखक: Sánchez Pérez, Aquilino (autor)
स्वरूप: अज्ञात
प्रकाशित: Madrid, España: SGEL, 2009.
संस्करण:Primera edición
श्रृंखला:Ensayo SGEL
विषय:
टैग: टैग जोड़ें
कोई टैग नहीं, इस रिकॉर्ड को टैग करने वाले पहले व्यक्ति बनें!

MARC

LEADER 00000 a2200000 4500
003 CL-VaPUC
005 20240807103929.0
008 240715t2009 ||||| |||| 00| 0 eng d
999 |c 443886  |d 443884 
020 |a 978-84-9778-423-8 
040 |c Pontificia Universidad Católica de Valparaíso 
082 7 |2 22  |a 417.7 SAN 2009 
100 |a Sánchez Pérez, Aquilino  |9 889353  |e autor 
245 |a La enseñanza de idiomas en los últimos cien años.  |b Métodos y enfoque 
250 |a Primera edición 
260 |a Madrid, España:  |b SGEL,  |c 2009. 
300 |a 428 páginas 
490 |a Ensayo SGEL 
583 |k GC  |c 20240715 
650 0 |9 339820  |a Enseñanza de idiomas  |x Metodología  |x Historia 
650 0 |9 890173  |a Language teaching  |x Methodology  |x History 
650 0 |9 865781  |a Lengua e idiomas   |x Estudio y enseñanza 
650 0 |9 890124  |a Language and languages  |x Study and teaching 
942 |2 ddc  |c BK 
952 |0 0  |1 0  |2 ddc  |4 0  |6 417_700000000000000_SAN_2009  |7 0  |8 A  |9 595578  |a BIBGIM  |b BIBGIM  |d 2024-07-12  |e 13  |g 40329.00  |i 5662218  |o 417.7 SAN 2009  |p 5662218  |r 2025-01-15  |t 1  |v 40329.00  |w 2024-07-12  |y BK  |k ELE